| 000 | 00616cam a22002291 4500 | ||
|---|---|---|---|
| 001 | sa 67001952 | ||
| 003 | DLC | ||
| 005 | 20260227112327.0 | ||
| 008 | 890913s1966 ii c b 000 0 telo | ||
| 010 | _asa 67001952 | ||
| 035 | _a(OCoLC)20337487 | ||
| 040 |
_aDLC _cWaU _dDLC |
||
| 042 | _apremarc | ||
| 050 | 0 | 0 |
_aBP585.B3 _bS6 |
| 100 | 1 |
_aŚrīrāmacandramūrti, Koṇḍamudi, _d1936- |
|
| 245 | 1 | 0 | _aDivyajñānadīpika Ānībeseṇṭu. |
| 260 | _c1966. | ||
| 300 |
_aii, 121 [1] p. _bports. _c22 cm. |
||
| 500 | _aIn Telugu. | ||
| 504 | _aBibliography: p. [122] | ||
| 600 | 1 | 0 |
_aBesant, Annie, _d1847-1933. |
| 999 |
_c72954 _d72954 |
||